书目信息 |
| 题名: |
谈修养
|
|
| 作者: | 朱光潜 著 | |
| 分册: | ||
| 出版信息: | 南京 江苏人民出版社 2019 |
|
| 页数: | 144页 | |
| 开本: | 20cm | |
| 丛书名: | 含章文库 | |
| 单 册: | ||
| 中图分类: | B825.4 | |
| 科图分类: | ||
| 主题词: | 个人--修养--通俗读物 | |
| 电子资源: | ||
| ISBN: | 978-7-214-23424-7 | |
| 000 | 00844nam0 2200265 450 | |
| 001 | 012001002379 | |
| 005 | 20130123105604.0 | |
| 010 | @a978-7-214-23424-7@dCNY29.80 | |
| 100 | @a20190911d2019 em y0chiy50 ea | |
| 101 | 0 | @achi |
| 102 | @aCN@b320000 | |
| 105 | @aa z 000yy | |
| 106 | @ar | |
| 200 | 1 | @a谈修养@9tan xiu yang@e精编插图本@f朱光潜著 |
| 210 | @a南京@c江苏人民出版社@d2019 | |
| 215 | @a144页@d20cm | |
| 225 | 1 | @a含章文库 |
| 300 | @a凤凰含章 大家谈 | |
| 330 | @a本书系朱光潜先生阐述人生修养问题的著作,书中着眼于青年朋友关于人生、关于社会诸多问题,进行探讨,谈处群、谈学问、谈交 友、谈休息,等等。 | |
| 461 | 0 | @12001 @a含章文库 |
| 606 | 0 | @a个人@x修养@j通俗读物 |
| 690 | @aB825.4@v5 | |
| 701 | 0 | @a朱光潜@9zhu guang qian@f(1897-1986)@4著 |
| 801 | 0 | @aCN@b江苏凤凰@c20191020 |
| 905 | @b1215774-7@dB825.4@e1368@f4 | |
| 谈修养:精编插图本/朱光潜著.-南京:江苏人民出版社,2019 |
| 144页;20cm.-(含章文库) |
| 凤凰含章 大家谈 |
| ISBN 978-7-214-23424-7:CNY29.80 |
| 本书系朱光潜先生阐述人生修养问题的著作,书中着眼于青年朋友关于人生、关于社会诸多问题,进行探讨,谈处群、谈学问、谈交 友、谈休息,等等。 |
| ● |
| 相关链接 |
|
|
|
|
正题名:谈修养
索取号:B825.4/1368
 
预约/预借
| 序号 | 登录号 | 条形码 | 馆藏地/架位号 | 状态 | 备注 |
| 1 | 1215774 | 212157743 | 第一样本阅览室/ [索取号:B825.4/1368] | 在馆 | |
| 2 | 1215775 | 212157752 | 教育系资料室/ [索取号:B825.4/1368] | 在馆 | |
| 3 | 1215776 | 212157761 | 教育系资料室/ [索取号:B825.4/1368] | 在馆 | |
| 4 | 1215777 | 212157770 | 第一借阅区/ [索取号:B825.4/1368] | 在馆 |